Top 10 des villes francaises les plus peuplées - Statistiques

Statistiques générales
  • Ce quiz a été pris 976 fois
  • Le résultat moyen est 9 sur 10
Statistiques - réponses
Nombre d'habitants Villes % Correct
2.145.906 habitants Paris
100%
873.000 habitants Marseille
99%
537.000 habitants Lyon
95%
236.706 habitants Lille
91%
250.000 habitants Bordeaux
89%
503.481 habitants Toulouse
89%
342.669 habitants Nice
84%
290.576 habitants Strasbourg
84%
324.580 habitants Nantes
82%
303.283 habitants Montpellier
71%
Aucun quiz correspondant
Distribution des résultats
% des personnes avec chaque résultat
Percentile par nombre de réponses
Votre historique - résultats
Vous n’avez pas pris ce quiz